[Event "Poznan Pocztowiec-ch op-B"]
[Site "Poznan"]
[Date "1999.??.??"]
[Round "2"]
[White "Kaszowski, Dariusz"]
[Black "Dzwikowski, Adam"]
[Result "1-0"]
[WhiteElo "2297"]
[BlackElo "2060"]
[EventDate "1999.??.??"]
[PlyCount "125"]

1.d4 Nf6 2.c4 e6 3.Nc3 Bb4 4.Qc2 O-O 5.a3 Bxc3+ 6.Qxc3 b6 7.Bg5 c5 8.dxc5 
bxc5 9.e3 Nc6 10.Nf3 Ne4 11.Bxd8 Nxc3 12.Bc7 Ne4 13.Bd3 f5 14.Bxe4 fxe4 
15.Nd2 d5 16.Bd6 Rf7 17.O-O Ba6 18.b4 cxb4 19.axb4 Bxc4 20.Nxc4 dxc4 21.
Rfc1 Rd8 22.Bg3 Rfd7 23.h3 Nxb4 24.Rxc4 Rd1+ 25.Rxd1 Rxd1+ 26.Kh2 Nd3 27.
Rxe4 Nc5 28.Rc4 Nb3 29.Rc8+ Kf7 30.Rc7+ Kf6 31.Rxa7 Nd2 32.h4 Nf1+ 33.Kh3 
Nxg3 34.Kxg3 h5 35.Ra5 g6 36.Kf4 Rd2 37.Kg3 Rb2 38.Kf3 Rc2 39.g3 Rb2 40.
Ra3 Rc2 41.e4 Rb2 42.Ke3 e5 43.f4 exf4+ 44.Kxf4 Rb6 45.Ra4 Rb3 46.Ra6+ Kf7
47.Ke5 Rxg3 48.Ra7+ Ke8 49.Ke6 Kd8 50.e5 Rg4 51.Rg7 Rxh4 52.Rxg6 Rh1 53.
Kf7 h4 54.Rf6 h3 55.e6 Re1 56.Rf2 h2 57.Rd2+ Kc7 58.Rxh2 Rf1+ 59.Ke8 Kd6 
60.e7 Ra1 61.Rh6+ Ke5 62.Kf8 Rf1+ 63.Kg7 1-0

[Event "Poznan Pocztowiec-ch op-B"]
[Site "Poznan"]
[Date "1999.??.??"]
[Round "2"]
[White "Nowak, Rafal"]
[Black "Szelag, Marcin"]
[Result "0-1"]
[WhiteElo "2095"]
[BlackElo "2408"]
[EventDate "1999.??.??"]
[PlyCount "64"]

1.d4 Nf6 2.Bg5 Ne4 3.h4 c5 4.dxc5 Qa5+ 5.Nd2 Nxg5 6.hxg5 g6 7.Rh4 Na6 8.
Rc4 b6 9.c3 bxc5 10.Nb3 Qb6 11.Qd5 Bb7 12.Qe5 f6 13.gxf6 Qxf6 14.Qxf6 exf6
15.Rd1 Be7 16.e3 d5 17.Ra4 Nc7 18.Na5 Bc8 19.c4 Bd7 20.Ra3 d4 21.Be2 Rb8 
22.Nb3 a6 23.Ra5 dxe3 24.fxe3 Bf5 25.Bd3 Bxd3 26.Rxd3 Rb4 27.Nxc5 Rxb2 28.
Nxa6 O-O 29.Kf1 Ra8 30.Rd7 Bb4 31.Rb5 Nxa6 32.Rdb7 Rxa2 0-1

[Event "Poznan Pocztowiec-ch op-B"]
[Site "Poznan"]
[Date "1999.??.??"]
[Round "2"]
[White "Przybylski, Bartosz"]
[Black "Litke, Slawomir"]
[Result "0-1"]
[WhiteElo "1800"]
[BlackElo "1800"]
[EventDate "1999.??.??"]
[PlyCount "86"]

1.e4 e6 2.Nf3 d5 3.exd5 exd5 4.d4 Bg4 5.Be3 Nc6 6.Nbd2 Bd6 7.Bb5 Ne7 8.Qe2
O-O 9.O-O f5 10.Nb3 Qe8 11.h3 Qh5 12.Rfd1 Rf6 13.Kf1 Bxh3 14.gxh3 Qxh3+ 
15.Ke1 f4 16.Ng1 Qh1 17.Kd2 fxe3+ 18.fxe3 Raf8 19.Rf1 Rxf1 20.Rxf1 Rxf1 
21.Qxf1 Bh2 22.Nf3 Qxf1 23.Bxf1 Bd6 24.Bh3 h6 25.Nc5 Nd8 26.Nd7 g5 27.Nfe5
Kg7 28.Ke2 h5 29.Kf2 g4 30.Bf1 Ng6 31.Nd3 Nf7 32.N7c5 b6 33.Ne6+ Kf6 34.
Nef4 Nxf4 35.Nxf4 Bxf4 36.exf4 h4 37.Bd3 Nd6 38.c3 Ne4+ 39.Ke3 Kf5 40.a4 
h3 41.Bf1 Ng3 42.Bd3+ Kf6 43.Kf2 h2 0-1

[Event "Poznan Pocztowiec-ch op-B"]
[Site "Poznan"]
[Date "1999.??.??"]
[Round "2"]
[White "Sobczak, Miroslaw"]
[Black "Kolendo, Mateusz"]
[Result "0-1"]
[WhiteElo "2058"]
[BlackElo "2183"]
[EventDate "1999.??.??"]
[PlyCount "63"]

1.e4 e6 2.d4 d5 3.e5 c5 4.c3 Nc6 5.Nf3 Qb6 6.a3 cxd4 7.cxd4 Bd7 8.b4 Rc8 
9.Bb2 Na5 10.Nbd2 Nc4 11.Bxc4 dxc4 12.Rc1 Qa6 13.Ne4 Bc6 14.Nfd2 Bd5 15.
O-O Qc6 16.f3 Be7 17.Qe2 Nh6 18.Rc2 Nf5 19.Rfc1 b5 20.Rd1 h5 21.Nf1 Rd8 
22.Nc5 Nh4 23.Nd2 f5 24.exf6 gxf6 25.Re1 Kf7 26.Rc3 Rhg8 27.Re3 Rxg2+ 28.
Qxg2 Nxg2 29.Kxg2 Rg8+ 30.Kf1 Qd6 31.R1e2 f5 32.a4 0-1

[Event "Poznan Pocztowiec-ch op-B"]
[Site "Poznan"]
[Date "1999.??.??"]
[Round "2"]
[White "Stachowiak, Slawomir"]
[Black "Skowronski, Henryk"]
[Result "1-0"]
[WhiteElo "2000"]
[BlackElo "1800"]
[EventDate "1999.??.??"]
[PlyCount "97"]

1.e4 c5 2.Nf3 d6 3.d4 cxd4 4.Nxd4 Nf6 5.Nc3 a6 6.Bc4 e6 7.Bb3 Nc6 8.Be3 
Be7 9.O-O O-O 10.f3 Qc7 11.Qe2 Nxd4 12.Bxd4 e5 13.Be3 Be6 14.Rfd1 b5 15.
Nd5 Nxd5 16.Bxd5 Bxd5 17.Rxd5 Rac8 18.c3 Qc6 19.Qd3 Qc4 20.a4 bxa4 21.Qxc4
Rxc4 22.Ra5 Rb8 23.Bc1 Rb6 24.R1xa4 Rxa4 25.Rxa4 Rc6 26.Kf1 f6 27.Ke2 Kf7 
28.Kd3 Ke6 29.c4 Bd8 30.b4 Bc7 31.Be3 Bd8 32.h3 g5 33.b5 axb5 34.cxb5 Rc8 
35.Ba7 Ra8 36.Ra6 Kd7 37.Kc4 Kc8 38.Kd5 Kb7 39.Be3 Rxa6 40.bxa6+ Kxa6 41.
Kxd6 Kb7 42.Kd7 Bc7 43.Ke7 h5 44.Kxf6 g4 45.fxg4 hxg4 46.hxg4 Kc6 47.g5 
Kd6 48.g6 Bd8+ 49.Kf7 1-0

[Event "Poznan Pocztowiec-ch op-B"]
[Site "Poznan"]
[Date "1999.??.??"]
[Round "3"]
[White "Kolendo, Mateusz"]
[Black "Kaszowski, Dariusz"]
[Result "0-1"]
[WhiteElo "2183"]
[BlackElo "2297"]
[EventDate "1999.??.??"]
[PlyCount "94"]

1.e4 c5 2.Nc3 Nc6 3.f4 g6 4.Nf3 Bg7 5.Bb5 Nd4 6.Nxd4 cxd4 7.Ne2 Qb6 8.Ba4 
Nf6 9.Ng3 O-O 10.Bb3 a5 11.c4 d3 12.Qf3 a4 13.Bd1 Qd4 14.Rb1 Qxc4 15.b3 
Qb5 16.Bb2 a3 17.Bxf6 Bxf6 18.O-O d6 19.Kh1 Bd7 20.Re1 Bd4 21.f5 Rac8 22.
b4 Kg7 23.Rb3 Rc1 24.Rf1 Bf6 25.Qg4 Kh8 26.h4 gxf5 27.Nxf5 Rg8 28.Qf3 Bxf5
29.exf5 Qc6 30.Rxd3 Qxf3 31.Rdxf3 Rg4 32.g3 Rxb4 33.Kg2 Rb2 34.Bb3 Rxd2+ 
35.R1f2 Rxf2+ 36.Rxf2 Kg7 37.Rf4 Rc3 38.Rg4+ Kf8 39.Rb4 h5 40.Rxb7 Be5 41.
Rb8+ Kg7 42.Ra8 Rxg3+ 43.Kf2 Rg4 44.Rxa3 Rf4+ 45.Kg2 Rxf5 46.Ra7 Kf6 47.a4
Bc3 0-1

[Event "Poznan Pocztowiec-ch op-B"]
[Site "Poznan"]
[Date "1999.??.??"]
[Round "3"]
[White "Szelag, Marcin"]
[Black "Tomczak, Rafal"]
[Result "1/2-1/2"]
[WhiteElo "2408"]
[BlackElo "2173"]
[EventDate "1999.??.??"]
[PlyCount "90"]

1.e4 c5 2.Nf3 d6 3.d4 cxd4 4.Nxd4 Nf6 5.Nc3 a6 6.Be3 e5 7.Nb3 Be6 8.Qd2 
Be7 9.f3 O-O 10.O-O-O a5 11.Bb5 Na6 12.Qe2 Nc7 13.Bb6 Qc8 14.Nxa5 Nxb5 15.
Qxb5 Qd7 16.Nb3 Qxb5 17.Nxb5 Rxa2 18.Nc3 Ra6 19.Be3 Bxb3 20.cxb3 Rc8 21.
Kb1 Rca8 22.Rc1 Rc6 23.Rhd1 Rac8 24.Rd3 Kf8 25.Rcd1 Ra8 26.b4 Rca6 27.Kc2 
Ne8 28.b5 Ra1 29.b6 Rxd1 30.Rxd1 f6 31.b4 Kf7 32.Rd5 Rc8 33.Kd3 Ke6 34.Ra5
g6 35.Nb5 Bd8 36.Na3 f5 37.Ra7 Rb8 38.Nc4 Nf6 39.Na5 Nd7 40.Rxb7 Rxb7 41.
Nxb7 Bxb6 42.Bxb6 Nxb6 43.Nd8+ Kd7 44.Nf7 Ke7 45.Ng5 h6 1/2-1/2

[Event "Poznan Pocztowiec-ch op-B"]
[Site "Poznan"]
[Date "1999.??.??"]
[Round "4"]
[White "Kaszowski, Dariusz"]
[Black "Fojudzki, Marcin"]
[Result "1/2-1/2"]
[WhiteElo "2297"]
[BlackElo "2128"]
[EventDate "1999.??.??"]
[PlyCount "100"]

1.d4 d5 2.Nf3 Nf6 3.e3 e6 4.Bd3 Bd6 5.O-O O-O 6.Nbd2 Nbd7 7.e4 dxe4 8.Nxe4
Nxe4 9.Bxe4 Nf6 10.Bd3 b6 11.Bg5 Bb7 12.Qe2 Be7 13.Rad1 h6 14.Bh4 Nh5 15.
Bxe7 Qxe7 16.Be4 Bxe4 17.Qxe4 Nf6 18.Qe2 Rfd8 19.Ne5 Qd6 20.Rd3 Nd7 21.
Rfd1 c6 22.Qe4 Nxe5 23.dxe5 Qc7 24.f4 Rd5 25.c4 Rxd3 26.Qxd3 Rc8 27.Qd7 
Kf8 28.Kf2 a6 29.Ke3 Qb8 30.Rd6 c5 31.Rxb6 Qxb6 32.Qxc8+ Ke7 33.b3 Qa5 34.
Qb7+ Ke8 35.Qb8+ Ke7 36.Qd6+ Ke8 37.Qd2 Qc7 38.Kf2 Ke7 39.h3 f6 40.exf6+ 
Kxf6 41.Kg1 Kf5 42.Qe3 g5 43.fxg5 hxg5 44.Qd3+ Kf6 45.Qf3+ Kg6 46.Qg4 Qe5 
47.Qf3 Qa1+ 48.Kh2 Qd4 49.Qc6 Kf5 50.Qxa6 Qe5+ 1/2-1/2

[Event "Poznan Pocztowiec-ch op-B"]
[Site "Poznan"]
[Date "1999.??.??"]
[Round "4"]
[White "Stachowiak, Slawomir"]
[Black "Chojnacki, Krzysztof"]
[Result "1-0"]
[WhiteElo "2000"]
[BlackElo "2156"]
[EventDate "1999.??.??"]
[PlyCount "151"]

1.e4 c5 2.Nf3 e6 3.d4 cxd4 4.Nxd4 a6 5.Bc4 Qc7 6.Bb3 Nf6 7.f3 Bd6 8.g3 h5 
9.Qe2 h4 10.g4 Bc5 11.Be3 Qb6 12.c3 d6 13.Nd2 Nc6 14.Nc4 Qc7 15.Nxc6 Qxc6 
16.Bxc5 dxc5 17.e5 Nd7 18.Nd6+ Kf8 19.O-O-O b5 20.Qe3 c4 21.Bc2 Qc5 22.Qf4
Nxe5 23.Be4 Rb8 24.Nxf7 Nxf7 25.Qxb8 Ke7 26.Qf4 Qg5 27.Qxg5+ Nxg5 28.Bc6 
Rf8 29.Rhf1 Nh3 30.Rde1 Nf4 31.Be4 g5 32.Rd1 Rd8 33.Rxd8 Kxd8 34.Rd1+ Ke7 
35.Rd2 Bd7 36.b3 Be8 37.bxc4 bxc4 38.Kb2 Bb5 39.Ka3 a5 40.Rb2 Bd7 41.Rb8 
Nd3 42.Rg8 Kf6 43.Rg6+ Kf7 44.Rxg5 a4 45.Rh5 Nf4 46.Rxh4 Ne2 47.Kb4 Nc1 
48.a3 Kf6 49.Kxc4 Ke5 50.Rh7 Bc8 51.Kb4 Na2+ 52.Ka5 Nxc3 53.Rc7 Nxe4 54.
fxe4 Kxe4 55.Rxc8 Kf4 56.h3 e5 57.Re8 e4 58.Kxa4 e3 59.Rxe3 Kxe3 60.Kb5 
Kf4 61.a4 Kg3 62.a5 Kxh3 63.g5 Kg4 64.g6 Kf5 65.g7 Kg6 66.g8=R+ Kf7 67.Rd8
Ke7 68.Rd1 Ke6 69.a6 Ke5 70.a7 Ke4 71.a8=R Ke5 72.Re8+ Kf6 73.Rf1+ Kg7 74.
Re2 Kg6 75.Rg2+ Kh5 76.Rh1# 1-0

[Event "Poznan Pocztowiec-ch op-B"]
[Site "Poznan"]
[Date "1999.??.??"]
[Round "4"]
[White "Tomczak, Rafal"]
[Black "Kolendo, Mateusz"]
[Result "1/2-1/2"]
[WhiteElo "2173"]
[BlackElo "2183"]
[EventDate "1999.??.??"]
[PlyCount "35"]

1.e4 e6 2.d4 d5 3.Nc3 dxe4 4.Nxe4 Nd7 5.Nf3 Ngf6 6.Nxf6+ Nxf6 7.Bd3 Be7 8.
O-O O-O 9.Qe2 b6 10.Rd1 Bb7 11.c4 h6 12.Ne5 Bd6 13.Bf4 Qe7 14.Bc2 c5 15.
Bg3 cxd4 16.Rxd4 Rfd8 17.Rad1 Bc5 18.Rxd8+ 1/2-1/2

[Event "Poznan Pocztowiec-ch op-B"]
[Site "Poznan"]
[Date "1999.??.??"]
[Round "5"]
[White "Bartkowiak, Damian"]
[Black "Stachowiak, Slawomir"]
[Result "0-1"]
[WhiteElo "2000"]
[BlackElo "2000"]
[EventDate "1999.??.??"]
[PlyCount "50"]

1.d4 d5 2.Nf3 Nf6 3.c4 e6 4.Nc3 Nbd7 5.Bg5 Be7 6.e3 b6 7.cxd5 exd5 8.Bb5 
O-O 9.Bc6 Rb8 10.Rc1 b5 11.Qb3 Rb6 12.Nxd5 Nxd5 13.Qxd5 Rxc6 14.Rxc6 Bb7 
15.Bxe7 Qxe7 16.Qxb5 Bxc6 17.Qxc6 Qb4+ 18.Qc3 Qb5 19.Nd2 Nf6 20.Qb3 Qa5 
21.Ke2 Re8 22.Rd1 Qh5+ 23.Nf3 Ne4 24.Kf1 g5 25.Kg1 Re6 0-1

[Event "Poznan Pocztowiec-ch op-B"]
[Site "Poznan"]
[Date "1999.??.??"]
[Round "5"]
[White "Chojnacki, Krzysztof"]
[Black "Sobczak, Miroslaw"]
[Result "1-0"]
[WhiteElo "2156"]
[BlackElo "2058"]
[EventDate "1999.??.??"]
[PlyCount "39"]

1.e4 Nc6 2.Nf3 d5 3.exd5 Qxd5 4.Nc3 Qh5 5.d4 Bg4 6.Be2 O-O-O 7.h3 Nf6 8.
Bf4 e6 9.O-O Bd6 10.Bxd6 Rxd6 11.hxg4 Nxg4 12.Ne4 Rxd4 13.Ng3 Qh6 14.Qc1 
Rf4 15.Nh5 g5 16.Nxf4 gxf4 17.Rd1 e5 18.Qd2 Rd8 19.Qc3 Re8 20.Qd3 1-0

[Event "Poznan Pocztowiec-ch op-B"]
[Site "Poznan"]
[Date "1999.??.??"]
[Round "5"]
[White "Kolendo, Mateusz"]
[Black "Budzynski, Wladyslaw"]
[Result "1-0"]
[WhiteElo "2183"]
[BlackElo "2000"]
[EventDate "1999.??.??"]
[PlyCount "43"]

1.e4 d6 2.d4 Nf6 3.Bd3 g6 4.c3 Bg7 5.Nf3 O-O 6.O-O c5 7.h3 Qc7 8.Be3 b6 9.
Nbd2 Bb7 10.Nh2 Nbd7 11.f4 e5 12.fxe5 dxe5 13.d5 a6 14.Ng4 Nxg4 15.Qxg4 b5
16.c4 Nf6 17.Qh4 b4 18.Rxf6 Qe7 19.Raf1 Rad8 20.Bg5 Rd6 21.Rxd6 Qxd6 22.
Be7 1-0

[Event "Poznan Pocztowiec-ch op-B"]
[Site "Poznan"]
[Date "1999.??.??"]
[Round "5"]
[White "Stypka, Zbigniew"]
[Black "Nowak, Rafal"]
[Result "0-1"]
[WhiteElo "2000"]
[BlackElo "2095"]
[EventDate "1999.??.??"]
[PlyCount "56"]

1.e4 c5 2.Nf3 d6 3.d4 cxd4 4.Nxd4 Nf6 5.Nc3 g6 6.Be3 Bg7 7.f3 O-O 8.Qd2 
Nc6 9.O-O-O d5 10.exd5 Nxd5 11.Nxc6 bxc6 12.Nxd5 cxd5 13.Qxd5 Qc7 14.Qc5 
Qb8 15.Qa3 Be6 16.Ba6 Qc7 17.Kb1 Rab8 18.Bd4 Bf5 19.Qa4 e5 20.Be3 Qc3 21.
Bc1 Rb4 22.Ka1 Rxa4 23.bxc3 Rxa6 24.Bb2 Rb8 25.Rd2 Rab6 26.Rb1 e4 27.Rdd1 
exf3 28.Rdc1 fxg2 0-1

[Event "Poznan Pocztowiec-ch op-B"]
[Site "Poznan"]
[Date "1999.??.??"]
[Round "5"]
[White "Szelag, Marcin"]
[Black "Kaszowski, Dariusz"]
[Result "1-0"]
[WhiteElo "2408"]
[BlackElo "2297"]
[EventDate "1999.??.??"]
[PlyCount "100"]

1.e4 c5 2.Nf3 Nc6 3.d4 cxd4 4.Nxd4 e5 5.Nb5 a6 6.Nd6+ Bxd6 7.Qxd6 Qf6 8.
Qa3 Nge7 9.Nc3 Rb8 10.Be3 b5 11.Nd5 Nxd5 12.exd5 b4 13.Qd3 Ne7 14.Qd2 O-O 
15.Bc4 Nf5 16.O-O Nxe3 17.Qxe3 d6 18.Rfc1 Qg6 19.a3 Bf5 20.axb4 Bxc2 21.
Qc3 Be4 22.f3 Bf5 23.Rxa6 Bh3 24.Bf1 Bc8 25.Ra7 Bb7 26.Qd2 e4 27.Be2 e3 
28.Qxe3 Bxd5 29.b5 Rfe8 30.Re7 Rxe7 31.Qxe7 Qh6 32.Rd1 Qe6 33.Qa7 Ra8 34.
Qd4 Qxe2 35.Qxd5 Re8 36.Qb3 Rc8 37.Qd3 Qxb2 38.Rb1 Rc1+ 39.Rxc1 Qxc1+ 40.
Kf2 Qc5+ 41.Kf1 h6 42.Qb3 Qc1+ 43.Kf2 Qc5+ 44.Kf1 Qc1+ 45.Ke2 Qg1 46.b6 
Qxg2+ 47.Ke3 Qg1+ 48.Kd3 Qf1+ 49.Kd4 Qf2+ 50.Kc4 Qc5+ 1-0

[Event "Poznan Pocztowiec-ch op-B"]
[Site "Poznan"]
[Date "1999.??.??"]
[Round "6"]
[White "Chojnacki, Krzysztof"]
[Black "Kolendo, Mateusz"]
[Result "1/2-1/2"]
[WhiteElo "2156"]
[BlackElo "2183"]
[EventDate "1999.??.??"]
[PlyCount "68"]

1.e4 e6 2.d4 d5 3.Nd2 a6 4.Ngf3 c5 5.exd5 exd5 6.Be2 c4 7.O-O Bd6 8.Re1 
Ne7 9.Nf1 Nbc6 10.Bg5 O-O 11.Ne3 Qc7 12.Bh4 Be6 13.Bg3 Nf5 14.Nxf5 Bxf5 
15.c3 Rfe8 16.Qd2 Ne7 17.Bxd6 Qxd6 18.Ne5 f6 19.Ng4 Bxg4 20.Bxg4 Ng6 21.g3
Nf8 22.Re2 Kf7 23.Rae1 b5 24.Bf5 a5 25.a3 Rab8 26.Qd1 g6 27.Bg4 f5 28.Bf3 
Nd7 29.Bg2 Nf6 30.Re5 Ne4 31.f4 h5 32.h3 Rxe5 33.fxe5 Qe7 34.Bxe4 fxe4 
1/2-1/2

[Event "Poznan Pocztowiec-ch op-B"]
[Site "Poznan"]
[Date "1999.??.??"]
[Round "6"]
[White "Fojudzki, Marcin"]
[Black "Szelag, Marcin"]
[Result "1-0"]
[WhiteElo "2128"]
[BlackElo "2408"]
[EventDate "1999.??.??"]
[PlyCount "63"]

1.e4 c5 2.Nf3 d6 3.d4 cxd4 4.Nxd4 Nf6 5.Nc3 a6 6.Bg5 e6 7.f4 Be7 8.Qf3 Qc7
9.O-O-O Nbd7 10.g4 b5 11.Bxf6 Bxf6 12.g5 Bxd4 13.Rxd4 Rb8 14.a3 O-O 15.Be2
Rb6 16.Rhd1 Bb7 17.h4 e5 18.R4d2 Nc5 19.Nd5 Bxd5 20.Rxd5 exf4 21.Qxf4 Rc8 
22.Kb1 Na4 23.Qd2 g6 24.Bg4 Re8 25.Bf3 Re6 26.h5 Kf8 27.Qd4 Qc4 28.Qh8+ 
Ke7 29.e5 Qf4 30.exd6+ Rbxd6 31.Qb8 Kd7 32.Bg4 1-0

[Event "Poznan Pocztowiec-ch op-B"]
[Site "Poznan"]
[Date "1999.??.??"]
[Round "6"]
[White "Huchwajda, Lukasz"]
[Black "Stypka, Zbigniew"]
[Result "1/2-1/2"]
[WhiteElo "2100"]
[BlackElo "2000"]
[EventDate "1999.??.??"]
[PlyCount "107"]

1.e4 c5 2.Nf3 d6 3.d4 cxd4 4.Nxd4 Nf6 5.Nc3 a6 6.Bg5 e6 7.f4 Nc6 8.Nb3 Be7
9.Qf3 Qc7 10.O-O-O Bd7 11.g4 O-O-O 12.Bxf6 Bxf6 13.g5 Be7 14.Be2 Kb8 15.
Rd2 Bc8 16.h4 h6 17.Bd3 g6 18.Rg1 hxg5 19.hxg5 Rh5 20.Rdg2 Rdh8 21.Qf2 Bf8
22.f5 Ne5 23.Be2 Rh4 24.Nd4 Bg7 25.f6 Bf8 26.Nf3 Rh3 27.Rg3 R3h7 28.Na4 b5
29.Nxe5 dxe5 30.Rc3 Rh2 31.Qg3 R8h3 32.Rxc7 Rxg3 33.Rxc8+ Kxc8 34.Rxg3 
Rxe2 35.Nc3 Rh2 36.Nd1 Bb4 37.c3 Bc5 38.Ne3 Bxe3+ 39.Rxe3 Rh5 40.Rg3 Rh4 
41.Re3 Rh5 42.Rd3 Rxg5 43.Rd6 Rg1+ 44.Kc2 Rf1 45.Rxa6 Rxf6 46.Rc6+ Kd7 47.
Rc5 Kd6 48.Rxb5 Rf4 49.Kd3 g5 50.Rb8 g4 51.Rd8+ Ke7 52.Rg8 f5 53.exf5 exf5
54.b4 1/2-1/2

[Event "Poznan Pocztowiec-ch op-B"]
[Site "Poznan"]
[Date "1999.??.??"]
[Round "6"]
[White "Kaszowski, Dariusz"]
[Black "Tomczak, Rafal"]
[Result "1/2-1/2"]
[WhiteElo "2297"]
[BlackElo "2173"]
[EventDate "1999.??.??"]
[PlyCount "95"]

1.d4 d5 2.Nf3 Nf6 3.c4 dxc4 4.e3 e6 5.Bxc4 c5 6.O-O a6 7.Qe2 b5 8.Bb3 Bb7 
9.Rd1 Nbd7 10.e4 cxd4 11.e5 Nd5 12.Rxd4 Be7 13.Rg4 g6 14.Bh6 N7b6 15.Nbd2 
Qd7 16.Ne4 O-O-O 17.Bg5 h5 18.Rh4 Kb8 19.Bxe7 Qxe7 20.Nd6 g5 21.Nxb7 Kxb7 
22.Rd4 g4 23.Nd2 Qc5 24.Bxd5+ Nxd5 25.Nb3 Qb6 26.a4 Rc8 27.axb5 Qxb5 28.
Na5+ Kb8 29.Nc4 Rhd8 30.Qe4 Rc7 31.g3 Rdc8 32.b3 Nc3 33.Qc2 Nd5 34.Qa2 Nc3
35.Qc2 Nd5 36.Qd3 Nb4 37.Qd2 Nc6 38.Re4 Rd8 39.Qe3 Rd5 40.Nd6 Qc5 41.Qxc5 
Rxc5 42.Rxa6 Rxe5 43.Rc4 Nd8 44.Rb4+ Nb7 45.Rab6 Rc1+ 46.Kg2 Kc7 47.Nxf7 
Ree1 48.Rxb7+ 1/2-1/2

[Event "Poznan Pocztowiec-ch op-B"]
[Site "Poznan"]
[Date "1999.??.??"]
[Round "6"]
[White "Nowak, Rafal"]
[Black "Stachowiak, Slawomir"]
[Result "1-0"]
[WhiteElo "2095"]
[BlackElo "2000"]
[EventDate "1999.??.??"]
[PlyCount "73"]

1.d4 d5 2.Bg5 Nd7 3.c4 dxc4 4.e4 h6 5.Bh4 c5 6.Bxc4 Qb6 7.Nf3 Qxb2 8.Nbd2 
cxd4 9.Rb1 Qa3 10.Nxd4 a6 11.O-O Ngf6 12.Bxf6 exf6 13.Bd5 Rb8 14.Nc4 Qc5 
15.Rc1 Qc7 16.Nf5 Nc5 17.Ncd6+ Bxd6 18.Nxd6+ Qxd6 19.Bxf7+ Ke7 20.Qh5 b6 
21.Qg6 Be6 22.e5 fxe5 23.Rfd1 Qc6 24.Bxe6 Qxe6 25.Qxg7+ Qf7 26.Qxe5+ Qe6 
27.Qg7+ Qf7 28.Re1+ Ne6 29.Rc7+ Kd8 30.Qxf7 Nxc7 31.Qf6+ Kd7 32.Re7+ Kc8 
33.Qxh8+ Kb7 34.Qh7 Rc8 35.Qe4+ Kb8 36.Qc6 b5 37.Qb6+ 1-0

[Event "Poznan Pocztowiec-ch op-B"]
[Site "Poznan"]
[Date "1999.??.??"]
[Round "7"]
[White "Kyciak, Bartosz"]
[Black "Chojnacki, Krzysztof"]
[Result "1/2-1/2"]
[WhiteElo "2100"]
[BlackElo "2156"]
[EventDate "1999.??.??"]
[PlyCount "67"]

1.c4 Nf6 2.Nc3 g6 3.e4 e5 4.g3 Bg7 5.Bg2 O-O 6.Nge2 d6 7.O-O c6 8.d3 Nbd7 
9.h3 Nc5 10.Be3 Ne6 11.d4 exd4 12.Nxd4 Nxd4 13.Bxd4 Be6 14.b3 Qa5 15.Ne2 
Rad8 16.Bc3 Qc7 17.Rc1 Rfe8 18.Re1 Bc8 19.Nf4 Nd7 20.Bxg7 Kxg7 21.Qd4+ f6 
22.Qxa7 Ne5 23.Qd4 Qa5 24.Qc3 Qa7 25.Rcd1 Qc5 26.Qb2 Nf7 27.a3 Ng5 28.Kh2 
Re7 29.Rd2 Rde8 30.Rde2 Be6 31.Nd5 Bxd5 32.exd5 Rxe2 33.Rxe2 Re5 34.f4 
1/2-1/2

[Event "Poznan Pocztowiec-ch op-B"]
[Site "Poznan"]
[Date "1999.??.??"]
[Round "7"]
[White "Nowak, Rafal"]
[Black "Fojudzki, Marcin"]
[Result "1-0"]
[WhiteElo "2095"]
[BlackElo "2128"]
[EventDate "1999.??.??"]
[PlyCount "73"]

1.d4 d5 2.Bg5 f6 3.Bh4 Nc6 4.c4 dxc4 5.e3 e5 6.d5 Nb4 7.Bxc4 Bf5 8.Na3 Qd7
9.f3 O-O-O 10.e4 Bg6 11.Bf2 Kb8 12.Ne2 f5 13.Nb5 fxe4 14.Bxa7+ Kc8 15.Qa4 
Na6 16.O-O Nf6 17.Be3 Kb8 18.f4 Be7 19.Rad1 exf4 20.Nxf4 Bf7 21.d6 Bxd6 
22.Bxf7 Qxf7 23.Nxd6 Rxd6 24.Rxd6 cxd6 25.Qd4 Nc7 26.Qa7+ Kc8 27.Rc1 Rd8 
28.Qa8+ Kd7 29.Qxb7 Ne8 30.Qc6+ Ke7 31.Qxe4+ Ne6 32.Nxe6 Qxe6 33.Bg5+ Nf6 
34.Rc7+ Rd7 35.Rxd7+ Kxd7 36.Qxe6+ Kxe6 37.Bxf6 1-0

[Event "Poznan Pocztowiec-ch op-B"]
[Site "Poznan"]
[Date "1999.??.??"]
[Round "7"]
[White "Stachowiak, Slawomir"]
[Black "Kaszowski, Dariusz"]
[Result "0-1"]
[WhiteElo "2000"]
[BlackElo "2297"]
[EventDate "1999.??.??"]
[PlyCount "84"]

1.e4 c5 2.Nf3 e6 3.d4 cxd4 4.Nxd4 a6 5.Bc4 Qc7 6.Qd3 Nf6 7.f3 Nc6 8.Nxc6 
bxc6 9.O-O d5 10.exd5 cxd5 11.Bb3 Bd6 12.f4 O-O 13.Be3 a5 14.Nc3 Ba6 15.
Nb5 Bxb5 16.Qxb5 Rfb8 17.Qd3 a4 18.Bxa4 Rxa4 19.b3 Re4 20.Kh1 Bxf4 21.Bxf4
Rxf4 22.Rxf4 Qxf4 23.Rf1 Qc7 24.Rc1 Ne4 25.Qf3 Qc3 26.Qxc3 Nxc3 27.a4 Ra8 
28.Ra1 Ra5 29.Kg1 d4 30.Kf1 e5 31.Ke1 f5 32.Kd2 Kf7 33.Kd3 Ke6 34.Kc4 Kd6 
35.Kb4 Rc5 36.Ka3 Nd5 37.Kb2 Nb4 38.a5 Rxc2+ 39.Ka3 Kc5 40.Ka4 d3 41.Ra3 
d2 42.a6 d1=Q 0-1

[Event "Poznan Pocztowiec-ch op-B"]
[Site "Poznan"]
[Date "1999.??.??"]
[Round "7"]
[White "Szelag, Marcin"]
[Black "Kolendo, Mateusz"]
[Result "1-0"]
[WhiteElo "2408"]
[BlackElo "2183"]
[EventDate "1999.??.??"]
[PlyCount "67"]

1.e4 e6 2.d4 d5 3.Nc3 Bb4 4.e5 c5 5.a3 Bxc3+ 6.bxc3 Nc6 7.Qg4 g6 8.Nf3 Qa5
9.Bd2 Qa4 10.Ra2 c4 11.Be2 Bd7 12.Ng5 h6 13.Qh3 Qa5 14.a4 Nce7 15.O-O Bxa4
16.f4 Nf5 17.Bc1 b5 18.g4 Ng7 19.f5 exf5 20.gxf5 Qb6 21.e6 fxe6 22.f6 Nf5 
23.f7+ Kd7 24.fxg8=Q Raxg8 25.Nf7 Rh7 26.Ne5+ Kc7 27.Kh1 Kb7 28.Rg1 Rhg7 
29.Bg4 h5 30.Bf3 Qd8 31.Bg5 Qf8 32.Nxc4 bxc4 33.Rxa4 Nd6 34.Bh6 1-0

[Event "Poznan Pocztowiec-ch op-B"]
[Site "Poznan"]
[Date "1999.??.??"]
[Round "7"]
[White "Tomczak, Rafal"]
[Black "Huchwajda, Lukasz"]
[Result "1-0"]
[WhiteElo "2173"]
[BlackElo "2100"]
[EventDate "1999.??.??"]
[PlyCount "137"]

1.e4 c5 2.Nf3 Nc6 3.d4 cxd4 4.Nxd4 e5 5.Nb5 a6 6.Nd6+ Bxd6 7.Qxd6 Qf6 8.
Qa3 Nge7 9.Nc3 O-O 10.Be3 d5 11.exd5 Nd4 12.O-O-O Bf5 13.Bd3 Rac8 14.Rhe1 
Bxd3 15.Rxd3 Nef5 16.Rd2 Rfd8 17.Ne4 Qg6 18.Bxd4 exd4 19.Qf3 Rc7 20.Rde2 
h6 21.g4 Nd6 22.Nxd6 Rxd6 23.Kb1 Rc5 24.h4 d3 25.Qxd3 Qxd3 26.cxd3 Rcxd5 
27.Re8+ Kh7 28.R8e7 Rf6 29.R1e3 Rxf2 30.Rxb7 Rc5 31.a3 Rg2 32.Re4 Rcc2 33.
h5 Rcd2 34.d4 a5 35.Ka2 Rgf2 36.Rb5 g6 37.d5 gxh5 38.gxh5 Rf5 39.Rxa5 Rxh5
40.Rf4 Kg7 41.Ra7 Rhxd5 42.Rfxf7+ Kg6 43.Rg7+ Kf5 44.Raf7+ Ke6 45.Re7+ Kf6
46.Rgf7+ Kg6 47.Rf3 h5 48.Re4 Rh2 49.a4 h4 50.Ka3 Rh5 51.b4 Rh1 52.Rg4+ 
Kh6 53.Rf6+ Kh7 54.Rf7+ Kh6 55.Rfg7 Re5 56.b5 h3 57.Rg8 Kh5 58.Rg1 Rxg1 
59.Rxg1 h2 60.Rh1 Re2 61.b6 Re3+ 62.Kb4 Re2 63.Ka5 Kg6 64.Ka6 Kf6 65.b7 
Rb2 66.a5 Ke7 67.Ka7 Ra2 68.a6 Kd7 69.b8=Q 1-0

[Event "Poznan Pocztowiec-ch op-B"]
[Site "Poznan"]
[Date "1999.??.??"]
[Round "8"]
[White "Fojudzki, Marcin"]
[Black "Dzwikowski, Adam"]
[Result "1-0"]
[WhiteElo "2128"]
[BlackElo "2060"]
[EventDate "1999.??.??"]
[PlyCount "83"]

1.e4 Nf6 2.e5 Nd5 3.c4 Nb6 4.d4 d6 5.exd6 cxd6 6.Nc3 g6 7.Nf3 Bg7 8.Be2 
O-O 9.h3 Nc6 10.O-O Bf5 11.Be3 d5 12.c5 Nc4 13.Bxc4 dxc4 14.Qa4 e5 15.d5 
Nd4 16.Ne1 b5 17.Nxb5 Nxb5 18.Qxb5 Qxd5 19.Rc1 Bd7 20.Qa6 Rfb8 21.Nf3 Bb5 
22.Qa5 c3 23.Rfd1 Qb7 24.Qxc3 Be2 25.c6 Qa6 26.c7 Rc8 27.Rd7 Bxf3 28.gxf3 
Qe6 29.Qc6 Qxc6 30.Rxc6 Kf8 31.Bc5+ Kg8 32.Bxa7 e4 33.Bb8 Rcxb8 34.cxb8=Q+
Rxb8 35.b3 exf3 36.Rd3 Be5 37.Rxf3 f6 38.a4 h5 39.a5 Rb5 40.a6 Kf7 41.Rc4 
Ra5 42.Ra4 1-0

[Event "Poznan Pocztowiec-ch op-B"]
[Site "Poznan"]
[Date "1999.??.??"]
[Round "8"]
[White "Stachowiak, Slawomir"]
[Black "Szelag, Marcin"]
[Result "0-1"]
[WhiteElo "2000"]
[BlackElo "2408"]
[EventDate "1999.??.??"]
[PlyCount "72"]

1.e4 c5 2.Nf3 d6 3.d4 cxd4 4.Nxd4 Nf6 5.Nc3 a6 6.Bc4 e6 7.Bb3 b5 8.a3 Nbd7
9.f3 Nc5 10.Ba2 Qc7 11.O-O Be7 12.Be3 O-O 13.Qd2 Bb7 14.Rac1 Rac8 15.Rfd1 
Rfd8 16.Qf2 d5 17.exd5 Nxd5 18.Nxd5 Bxd5 19.Bxd5 Rxd5 20.Qe2 Na4 21.c3 Qe5
22.Rc2 h6 23.Qf2 Qh5 24.Rcd2 Bf8 25.Ne2 Nxb2 26.Rxd5 exd5 27.Rd4 Nc4 28.
Ng3 Qe5 29.Bf4 Qe6 30.Nh5 Bc5 31.Qg3 Bxd4+ 32.cxd4 Qg6 33.Qh3 Re8 34.Ng3 
Qd3 35.Nf5 Qd1+ 36.Kf2 Qe1# 0-1

[Event "Poznan Pocztowiec-ch op-B"]
[Site "Poznan"]
[Date "1999.??.??"]
[Round "8"]
[White "Tomczak, Rafal"]
[Black "Nowak, Rafal"]
[Result "1/2-1/2"]
[WhiteElo "2173"]
[BlackElo "2095"]
[EventDate "1999.??.??"]
[PlyCount "106"]

1.e4 c5 2.Nf3 e6 3.d4 cxd4 4.Nxd4 Nc6 5.Nc3 a6 6.Be2 Qc7 7.O-O Nf6 8.Kh1 
Nxd4 9.Qxd4 Bc5 10.Qd3 h5 11.f4 Ng4 12.e5 d5 13.exd6 Qxd6 14.Qxd6 Bxd6 15.
Ne4 Be7 16.h3 Nf6 17.Bf3 Nxe4 18.Bxe4 Bc5 19.Bd2 Rb8 20.Bc3 f6 21.Rad1 Bd7
22.Rfe1 Ke7 23.Bd5 Rhd8 24.Bb3 b5 25.f5 b4 26.fxe6 Bb5 27.Bd2 a5 28.Bf4 
Rxd1 29.Rxd1 Rd8 30.Rxd8 Kxd8 31.Bd5 Bd4 32.Bd6 Bxb2 33.Bc5 Be5 34.Bb6+ 
Ke7 35.Bxa5 Bd6 36.c3 bxc3 37.Bxc3 Ba3 38.g3 Bf1 39.Kh2 Kd6 40.Bb3 Ke7 41.
h4 Be2 42.Kg2 Bg4 43.Kf2 Bxe6 44.Ke3 Bf5 45.Kd4 Kd6 46.Bd2 Bc5+ 47.Kc3 Bf2
48.Bf4+ Kc6 49.Bd1 Be6 50.a4 Bf7 51.Kd3 g5 52.hxg5 fxg5 53.Bxg5 Bxg3 
1/2-1/2